Zmenky

Guardado en:
Detalles Bibliográficos
Autor principal: Hrvoľová, Božena
Formato: Capítulo de libro
Lenguaje:eslovaco
Etiquetas: Agregar Etiqueta
Sin Etiquetas, Sea el primero en etiquetar este registro!

MARC

LEADER 00000naa$a2200000$$$4500
001 0087643
005 20220531084235.2
041 0 |a slo 
044 |a SK 
245 1 0 |a Zmenky  |c Božena Hrvoľová 
100 1 |a Hrvoľová, Božena